Normal view
MARC view
- Douglas V Hall SSSP Rao
Entry Personal Name
001 - CONTROL NUMBER
- control field: 10361
003 - CONTROL NUMBER IDENTIFIER
- control field: NUST
005 - DATE AND TIME OF LATEST TRANSACTION
- control field: 20180521053730.0
008 - FIXED-LENGTH DATA ELEMENTS
- fixed length control field: 180521|| aca||aabn | a|a d
040 ## - CATALOGING SOURCE
- Original cataloging agency: NUST
- Transcribing agency: NUST
100 ## - HEADING--PERSONAL NAME
- Personal name: Douglas V Hall SSSP Rao
670 ## - SOURCE DATA FOUND
- Source citation: Work cat.: (NUST): Douglas V Hall SSSP Rao, Microprocessors and Interfacing , 1992
